000 00265nam a22001217a 4500
003 OSt
008 231102b |||||||| |||| 00| 0 eng d
041 _aeng
082 _a894.8122
100 _aSurendran K
_94311
245 _aPana pathrathile kodunkatt
942 _cBK
999 _c17775
_d17775